000 nam a22 7a 4500
999 _c9444
_d9444
008 180131b ||||| |||| 00| 0 eng d
100 _aStevenson. R L
_95660
245 _aTreasure Island
260 _bRaintee Publication
_c1980